Etiqueta de registo: 00254nam 2200025 450
001 2282966
003 http://id.bnportugal.gov.pt/bib/catbnp/2282966
010 ## $a978-989-740-512-9
021 ## $aPT$b557472/25
100 ## $a20260326d2026 m y0pory01030103ba
101 0# $apor
102 ## $aPT
105 ## $aa z 000yy
106 ## $ar
200 1# $aEmagrece para sempre$fJoana Pinho$gpref. Luís Fernando
205 ## $a1ª ed
210 #9 $aPorto$cIdeias de Ler,$d2026
215 ## $a271 p.$cil.$d24 cm
606 ## $aAlimentação racional$j[Manuais]$2SIPOR$3988655
675 ## $a613.24.03(035)$vBN$zpor$3818482
675 ## $a615.874(035)$vBN$zpor$3948556
675 ## $a641.56(083.1)$vBN$zpor$3953818
700 #1 $94$aPinho,$bJoana$31993778
702 #1 $aFernando,$bLuís$4080$31500715
801 #0 $aPT$bBN$gRPC
856 41 $uhttp://rnod.bnportugal.gov.pt/ImagesBN/winlibimg.aspx?skey=&doc=2282966&img=223513&save=true
900 ## $aBIBNAC$d20260623
966 ## $lBN$mFGMON$sS.A. 194089 V.$x1
966 ## $lBN$mFGMON$sS.A. 194089 V.-D$x1
971 ## $cisantos$d20260326
973 ## $cigoulao$d20260525
974 ## $e0$d20260618$vaalmeid
975 ## $e0$d20260623$viquintas